[Event "Copenhagen Chess Challenge 2009"]
[Site "Ballerup"]
[Date "2009.??.??"]
[Round "6"]
[White "Andersen, Kim Nyvang"]
[Black "Rhee, Alexander"]
[Result "0-1"]
[WhiteElo "1914"]
[BlackElo "2115"]
[PlyCount "54"]
[EventDate "2009.??.??"]
[EventType "swiss"]
[EventRounds "9"]
[EventCountry "DEN"]

1. d4 Nf6 2. c4 c6 3. Nc3 d5 4. Nf3 e6 5. Bg5 h6 6. Bh4 dxc4 7. e4 b5 8. e5 g5
9. Nxg5 hxg5 10. Bxg5 Nbd7 11. exf6 Bb7 12. g3 c5 13. d5 Nxf6 14. Bg2 Bh6 15.
Bxh6 Rxh6 16. Qd2 Rh5 17. O-O b4 18. Na4 Bxd5 19. Rfc1 Qa5 20. Bxd5 Rxd5 21.
Qc2 Rad8 22. a3 Qb5 23. axb4 cxb4 24. Qe2 Rd3 25. Qc2 Rd2 26. Qb1 R8d3 27. Rc2
Rd1+ 0-1

[Event "Copenhagen Chess Challenge 2009"]
[Site "Ballerup"]
[Date "2009.??.??"]
[Round "6"]
[White "Brondt, Nicolai Kvist"]
[Black "Brauener, Jonathan"]
[Result "1-0"]
[WhiteElo "1971"]
[BlackElo "1916"]
[PlyCount "69"]
[EventDate "2009.??.??"]
[EventType "swiss"]
[EventRounds "9"]
[EventCountry "DEN"]

1. d4 Nf6 2. Nf3 e6 3. c4 b6 4. g3 Bb7 5. Bg2 d5 6. Ne5 Nbd7 7. Bf4 Bb4+ 8. Nc3
c5 9. O-O Bxc3 10. bxc3 Rc8 11. Qa4 a6 12. Rac1 O-O 13. Rfd1 Qe7 14. cxd5 exd5
15. c4 cxd4 16. Nxd7 Nxd7 17. cxd5 Rxc1 18. Rxc1 Nc5 19. Qxd4 Qxe2 20. d6 Bxg2
21. Kxg2 Ne6 22. Qd2 Nxf4+ 23. Qxf4 Qxa2 24. Qd4 Rd8 25. d7 Qe6 26. Rc8 Qe7 27.
Qd6 Qe4+ 28. f3 Qe2+ 29. Kh3 Qf1+ 30. Kh4 g5+ 31. Kxg5 Qb5+ 32. Kh4 Kg7 33.
Rxd8 Qc4+ 34. Qf4 Qe6 35. Qg5+ 1-0

[Event "Copenhagen Chess Challenge 2009"]
[Site "Ballerup"]
[Date "2009.??.??"]
[Round "6"]
[White "Andersen, Daniel"]
[Black "Moller, Arne"]
[Result "1-0"]
[WhiteElo "1940"]
[BlackElo "1903"]
[PlyCount "77"]
[EventDate "2009.??.??"]
[EventType "swiss"]
[EventRounds "9"]
[EventCountry "DEN"]

1. c4 Nf6 2. Nc3 c5 3. Nf3 Nc6 4. d4 cxd4 5. Nxd4 Nxd4 6. Qxd4 e6 7. g3 a6 8.
Bg2 Be7 9. O-O O-O 10. Rd1 Qa5 11. a3 e5 12. Qd3 d6 13. b4 Qc7 14. Bb2 Be6 15.
Nd5 Bxd5 16. cxd5 Bd8 17. a4 Qe7 18. a5 Nd7 19. e4 g6 20. Bc1 Re8 21. Be3 h5
22. h4 f6 23. Bh3 Nf8 24. Rdc1 Qg7 25. b5 g5 26. hxg5 fxg5 27. bxa6 bxa6 28.
Rc6 g4 29. Bg2 Be7 30. Rxa6 Ng6 31. Rxa8 Rxa8 32. a6 h4 33. a7 h3 34. Bf1 Nf4
35. Qb5 Kh7 36. Qb8 Ng2 37. Bxg2 hxg2 38. Qxa8 Bh4 39. Qe8 1-0

[Event "Copenhagen Chess Challenge 2009"]
[Site "Ballerup"]
[Date "2009.??.??"]
[Round "6"]
[White "Haubro, Martin"]
[Black "Christensen, Casper"]
[Result "1-0"]
[WhiteElo "1809"]
[BlackElo "1793"]
[PlyCount "95"]
[EventDate "2009.??.??"]
[EventType "swiss"]
[EventRounds "9"]
[EventCountry "DEN"]

1. e4 e5 2. f4 Bc5 3. Nf3 d6 4. Bc4 Bg4 5. fxe5 dxe5 6. Bxf7+ Kf8 7. Bxg8 Rxg8
8. c3 Qd3 9. Qe2 Qxe2+ 10. Kxe2 Nc6 11. Rf1 Ke7 12. b4 Bd6 13. a4 Nd8 14. Ba3
Ne6 15. Ke3 Rgf8 16. Ra2 Ng5 17. d3 Nxf3 18. gxf3 Bh3 19. Rg1 g6 20. c4 c6 21.
Nc3 Be6 22. Rd2 Rad8 23. Ne2 Rf7 24. Rg5 Bh3 25. c5 Bb8 26. Bb2 Kf6 27. f4 Re7
28. Ng1 Bc8 29. Nf3 h6 30. Rg3 Kf7 31. Nxe5+ Bxe5 32. Bxe5 b6 33. Bd6 Rb7 34.
Rdg2 Rg8 35. f5 g5 36. Kd4 Kf6 37. Be5+ Ke7 38. h4 Rd7+ 39. Kc4 Ba6+ 40. b5
cxb5+ 41. axb5 Bc8 42. c6 Rdd8 43. hxg5 hxg5 44. Rxg5 Rxg5 45. Rxg5 a5 46. Bc7
Rh8 47. Bxb6 a4 48. Bc5+ 1-0

[Event "Copenhagen Chess Challenge 2009"]
[Site "Ballerup"]
[Date "2009.??.??"]
[Round "6"]
[White "Lauridsen, Jesper Morch"]
[Black "Gandrud, Vegar Koi"]
[Result "1/2-1/2"]
[WhiteElo "2287"]
[BlackElo "2124"]
[PlyCount "73"]
[EventDate "2009.??.??"]
[EventType "swiss"]
[EventRounds "9"]
[EventCountry "DEN"]

1. e4 c5 2. Nf3 d6 3. d4 cxd4 4. Nxd4 Nf6 5. Nc3 a6 6. Bc4 e6 7. O-O b5 8. Bb3
Be7 9. f4 O-O 10. e5 dxe5 11. fxe5 Bc5 12. Be3 Nd5 13. Nxd5 exd5 14. Qf3 Be6
15. Rad1 Nd7 16. Qg3 Qc7 17. Kh1 Bxd4 18. Bxd4 Nc5 19. c3 Nxb3 20. axb3 a5 21.
Qg5 a4 22. b4 a3 23. Bc5 Rfe8 24. bxa3 Rxa3 25. Rd3 Qd8 26. Qd2 Qa8 27. h4 Ra1
28. Rxa1 Qxa1+ 29. Kh2 Qb1 30. h5 h6 31. Rg3 Kh7 32. Qe2 Qf5 33. Bd6 Ra8 34.
Be7 Re8 35. Bc5 Ra8 36. Bd6 Rc8 37. Bc5 1/2-1/2

[Event "Copenhagen Chess Challenge 2009"]
[Site "Ballerup"]
[Date "2009.??.??"]
[Round "7"]
[White "Lund, Silas"]
[Black "Grandelius, Nils"]
[Result "1/2-1/2"]
[WhiteElo "2430"]
[BlackElo "2491"]
[PlyCount "83"]
[EventDate "2009.??.??"]
[EventType "swiss"]
[EventRounds "9"]
[EventCountry "DEN"]

1. Nf3 Nf6 2. c4 e6 3. Nc3 d5 4. e3 c5 5. d4 Nc6 6. a3 a6 7. dxc5 Bxc5 8. b4
Bd6 9. Bb2 O-O 10. cxd5 exd5 11. Be2 Bg4 12. h3 Bxf3 13. Bxf3 Be5 14. O-O Rc8
15. Rc1 Qd6 16. Qb3 d4 17. Rfd1 Qe7 18. Na4 dxe3 19. Qxe3 Bxb2 20. Qxe7 Nxe7
21. Nxb2 b6 22. Na4 Rxc1 23. Rxc1 Rb8 24. Rc7 Nc8 25. Bb7 Nd6 26. Bxa6 b5 27.
Nc3 Kf8 28. Rc5 Ra8 29. Rc6 Ke7 30. Rb6 Nc4 31. Rb7+ Kf8 32. Bxb5 Nxa3 33. Ba4
Nb1 34. Nxb1 Rxa4 35. Nc3 Ra1+ 36. Kh2 Rc1 37. Rc7 g6 38. Rc8+ Kg7 39. Rc5 Rc2
40. Ne4 Rb2 41. Nxf6 Kxf6 42. Rc4 1/2-1/2

[Event "Copenhagen Chess Challenge 2009"]
[Site "Ballerup"]
[Date "2009.??.??"]
[Round "7"]
[White "Ivanov, Mikhail"]
[Black "Danielsen, Henrik"]
[Result "1/2-1/2"]
[WhiteElo "2470"]
[BlackElo "2482"]
[PlyCount "71"]
[EventDate "2009.??.??"]
[EventType "swiss"]
[EventRounds "9"]
[EventCountry "DEN"]

1. Nf3 d6 2. d4 g6 3. e4 Nf6 4. Nc3 Bg7 5. h3 O-O 6. Be2 c5 7. d5 b5 8. Nxb5
Nxe4 9. O-O a6 10. Na3 Bb7 11. Re1 Nd7 12. Bd3 Nef6 13. c4 Re8 14. Bc2 Qc7 15.
Ng5 Nf8 16. Ba4 Reb8 17. Nb1 h6 18. Nf3 e6 19. dxe6 fxe6 20. Bf4 Rd8 21. Nc3 e5
22. Be3 Qf7 23. Nh2 Kh8 24. Ng4 Ng8 25. Nd5 Ne6 26. Bc2 Nd4 27. Be4 Rab8 28.
Qd3 g5 29. b3 Rf8 30. Rf1 Bc8 31. Bxd4 cxd4 32. f3 Be6 33. Rab1 Qd7 34. Bg6
Rfc8 35. Be4 Rf8 36. Nf2 1/2-1/2

[Event "Copenhagen Chess Challenge 2009"]
[Site "Ballerup"]
[Date "2009.??.??"]
[Round "7"]
[White "Brynell, Stellan"]
[Black "Bekker Jensen, David"]
[Result "1-0"]
[WhiteElo "2463"]
[BlackElo "2330"]
[PlyCount "55"]
[EventDate "2009.??.??"]
[EventType "swiss"]
[EventRounds "9"]
[EventCountry "DEN"]

1. d4 Nf6 2. c4 g6 3. g3 Bg7 4. Bg2 O-O 5. Nc3 d6 6. Nf3 c6 7. O-O Na6 8. h3
Qb6 9. b3 e5 10. e4 exd4 11. Na4 Qa5 12. Nxd4 Nxe4 13. Bxe4 Qe5 14. Bb2 c5 15.
Nf5 Qxe4 16. Bxg7 Bxf5 17. Nc3 Qc6 18. Bxf8 Bxh3 19. Nd5 Kxf8 20. Qd2 Be6 21.
Qh6+ Ke8 22. Rfe1 Kd7 23. Rxe6 fxe6 24. Qxh7+ Kd8 25. Qe7+ Kc8 26. Qf8+ Kd7 27.
Nf6+ Kc7 28. Qxa8 1-0

[Event "Copenhagen Chess Challenge 2009"]
[Site "Ballerup"]
[Date "2009.??.??"]
[Round "7"]
[White "Holmsgaard, Henrik"]
[Black "Tikkanen, Hans"]
[Result "1/2-1/2"]
[WhiteElo "2330"]
[BlackElo "2425"]
[PlyCount "20"]
[EventDate "2009.??.??"]
[EventType "swiss"]
[EventRounds "9"]
[EventCountry "DEN"]

1. e4 d5 2. exd5 Nf6 3. Bb5+ Nbd7 4. Nf3 Nxd5 5. d4 c5 6. O-O e6 7. Re1 Nc7 8.
Bf1 Be7 9. c4 O-O 10. Nc3 cxd4 1/2-1/2

[Event "Copenhagen Chess Challenge 2009"]
[Site "Ballerup"]
[Date "2009.??.??"]
[Round "7"]
[White "Bekker Jensen, Simon"]
[Black "Hagen, Andreas Skytte"]
[Result "0-1"]
[WhiteElo "2411"]
[BlackElo "2278"]
[PlyCount "56"]
[EventDate "2009.??.??"]
[EventType "swiss"]
[EventRounds "9"]
[EventCountry "DEN"]

1. d4 Nf6 2. c4 e6 3. Nc3 Bb4 4. e3 b6 5. Nge2 Ne4 6. f3 Nxc3 7. bxc3 Be7 8. e4
Nc6 9. Ng3 Ba6 10. Bd3 Na5 11. Qe2 d6 12. Be3 h5 13. f4 h4 14. Nf1 Qd7 15. Nd2
Qa4 16. O-O O-O-O 17. Rab1 Kb8 18. Rb4 Qd7 19. Rb2 Ka8 20. Nb3 Qa4 21. Nxa5
Qxa5 22. Rc2 Bb7 23. e5 h3 24. g3 Qa4 25. Rd2 Qc6 26. Bc2 Qh1+ 27. Kf2 Qxh2+
28. Ke1 Qxe2+ 0-1

[Event "Copenhagen Chess Challenge 2009"]
[Site "Ballerup"]
[Date "2009.??.??"]
[Round "7"]
[White "Janev, Evgeni"]
[Black "Kristensen, Kaare Hove"]
[Result "1-0"]
[WhiteElo "2458"]
[BlackElo "2244"]
[PlyCount "75"]
[EventDate "2009.??.??"]
[EventType "swiss"]
[EventRounds "9"]
[EventCountry "DEN"]

1. e4 c5 2. Nf3 d6 3. d4 cxd4 4. Nxd4 Nf6 5. Nc3 g6 6. g3 Bg7 7. Bg2 O-O 8. O-O
Bd7 9. h3 Nc6 10. Nde2 Rc8 11. a4 Nb4 12. Be3 Qa5 13. Qd2 Rfd8 14. Rfc1 Nc6 15.
b3 e5 16. Nb5 Qxd2 17. Bxd2 a6 18. Na3 Be6 19. c4 Nd7 20. Rab1 Nc5 21. Rd1 f5
22. f3 Nd4 23. Nxd4 exd4 24. a5 fxe4 25. fxe4 Rc7 26. Nc2 Nxb3 27. Rxb3 Bxc4
28. Rbb1 Be2 29. Rdc1 d3 30. Nb4 Bd4+ 31. Kh2 Rc5 32. Nd5 Rc2 33. Rxc2 dxc2 34.
Rxb7 Rf8 35. Bh6 Bf1 36. Bxf1 c1=Q 37. Bxc1 Rxf1 38. Be3 1-0

[Event "Copenhagen Chess Challenge 2009"]
[Site "Ballerup"]
[Date "2009.??.??"]
[Round "7"]
[White "Knudsen, Jes West"]
[Black "Jacobsen, Mads Holger Bang"]
[Result "1/2-1/2"]
[WhiteElo "2019"]
[BlackElo "1830"]
[PlyCount "80"]
[EventDate "2009.??.??"]
[EventType "swiss"]
[EventRounds "9"]
[EventCountry "DEN"]

1. e4 c5 2. b4 cxb4 3. Bb2 Nf6 4. e5 Nd5 5. c4 bxc3 6. Nxc3 Nxc3 7. Bxc3 e6 8.
Nf3 Nc6 9. Be2 Bb4 10. Bxb4 Nxb4 11. Qa4 Nc6 12. Qg4 O-O 13. O-O d6 14. d4 b6
15. Qh5 f5 16. Rac1 Ne7 17. Rfd1 Nd5 18. Ng5 h6 19. Nh3 Kh7 20. f4 g6 21. Qf3
Bb7 22. Qa3 dxe5 23. dxe5 Rf7 24. Rc4 Qe7 25. Ra4 Qxa3 26. Rxa3 Rc7 27. Bf3 a5
28. Rb3 a4 29. Rb2 Rac8 30. Kf2 Rc2+ 31. Rd2 Rxd2+ 32. Rxd2 b5 33. Ng1 b4 34.
Ne2 g5 35. g3 g4 36. Bg2 Rc5 37. Nd4 Bc8 38. Nxf5 Nxf4 39. gxf4 exf5 40. Bd5
Kg7 1/2-1/2

[Event "Copenhagen Chess Challenge 2009"]
[Site "Ballerup"]
[Date "2009.??.??"]
[Round "7"]
[White "Nielsen, Poul Bang"]
[Black "Brauener, Jonathan"]
[Result "1/2-1/2"]
[WhiteElo "1792"]
[BlackElo "1916"]
[PlyCount "58"]
[EventDate "2009.??.??"]
[EventType "swiss"]
[EventRounds "9"]
[EventCountry "DEN"]

1. e4 e5 2. Bc4 Nf6 3. d3 Nc6 4. Nc3 h6 5. Nge2 Bc5 6. O-O d6 7. h3 O-O 8. Kh1
Be6 9. Bxe6 fxe6 10. f4 Bb6 11. fxe5 Nxe5 12. Nf4 Qe8 13. d4 Ng6 14. Qd3 Nxf4
15. Bxf4 Qg6 16. Rad1 Nh5 17. Bh2 Rxf1+ 18. Rxf1 Rf8 19. Rxf8+ Kxf8 20. Qf3+
Kg8 21. Qd3 Qg5 22. Ne2 Nf6 23. e5 dxe5 24. Bxe5 Nd7 25. Bf4 Qf6 26. c3 c6 27.
a4 c5 28. dxc5 Nxc5 29. Qc4 Qe7 1/2-1/2

[Event "Copenhagen Chess Challenge 2009"]
[Site "Ballerup"]
[Date "2009.??.??"]
[Round "7"]
[White "Christensen, Bo Garner"]
[Black "Picard, Romain"]
[Result "0-1"]
[WhiteElo "2240"]
[BlackElo "2339"]
[PlyCount "74"]
[EventDate "2009.??.??"]
[EventType "swiss"]
[EventRounds "9"]
[EventCountry "DEN"]

1. e4 e5 2. Nf3 d6 3. d4 exd4 4. Bc4 Be7 5. O-O Nf6 6. Re1 O-O 7. c3 dxc3 8.
Nxc3 Nbd7 9. h3 Ne5 10. Bb3 c6 11. Nd4 Re8 12. f4 Ng6 13. Be3 Bf8 14. Qd3 Bd7
15. g4 c5 16. Nf5 b5 17. Bd5 Rc8 18. g5 Nxd5 19. Nxd5 c4 20. Qc2 Bxf5 21. exf5
Ne7 22. Rad1 Nxd5 23. Rxd5 b4 24. Kf2 c3 25. b3 Qe7 26. h4 Rc5 27. Rdd1 Rb5 28.
Bd4 Qd7 29. Rxe8 Qxe8 30. f6 g6 31. h5 Rf5 32. Kg3 d5 33. hxg6 fxg6 34. Be5
Rxe5 35. fxe5 Qxe5+ 36. Kg4 h5+ 37. Kh3 Qe3+ 0-1

[Event "Copenhagen Chess Challenge 2009"]
[Site "Ballerup"]
[Date "2009.??.??"]
[Round "7"]
[White "Feuerstack, Aljoscha"]
[Black "Vovk, Oksana"]
[Result "1/2-1/2"]
[WhiteElo "2345"]
[BlackElo "2142"]
[PlyCount "57"]
[EventDate "2009.??.??"]
[EventType "swiss"]
[EventRounds "9"]
[EventCountry "DEN"]

1. e4 e6 2. d4 d5 3. Nd2 c5 4. Ngf3 Nc6 5. Bb5 a6 6. exd5 axb5 7. dxc6 bxc6 8.
dxc5 Bxc5 9. c4 Nf6 10. Qc2 Qb6 11. O-O Be7 12. b3 O-O 13. Bb2 Rd8 14. Ne4 Nxe4
15. Qxe4 bxc4 16. Qxc4 Qb5 17. Qf4 f6 18. Rfc1 e5 19. Qe4 Bb7 20. h3 Ba3 21.
Bxa3 Rxa3 22. Rd1 Rd5 23. Qc2 c5 24. Rxd5 Bxd5 25. Rd1 c4 26. Rc1 Qc6 27. Qb2
Qa8 28. bxc4 Rxa2 29. Qb5 1/2-1/2

[Event "Copenhagen Chess Challenge 2009"]
[Site "Ballerup"]
[Date "2009.??.??"]
[Round "7"]
[White "Gandrud, Vegar Koi"]
[Black "Jacobsen, Bo"]
[Result "0-1"]
[WhiteElo "2124"]
[BlackElo "2325"]
[PlyCount "122"]
[EventDate "2009.??.??"]
[EventType "swiss"]
[EventRounds "9"]
[EventCountry "DEN"]

1. d4 Nf6 2. c4 c5 3. d5 e5 4. Nc3 d6 5. e4 Nbd7 6. Nge2 h5 7. h4 Be7 8. Ng3 g6
9. Bg5 Ng4 10. Bxe7 Qxe7 11. Qd2 a6 12. Bd3 Kf8 13. Nf1 Kg7 14. f3 Nh6 15. Ne3
Nf6 16. O-O-O Bd7 17. Rdg1 b5 18. Qe2 Rhb8 19. g4 Nhg8 20. Qg2 Kf8 21. Rf1 Ra7
22. g5 Nh7 23. f4 exf4 24. Rxf4 Kg7 25. Rhf1 Be8 26. Ne2 Qe5 27. Ng3 Kh8 28.
Qd2 Re7 29. Ne2 f6 30. gxf6 Ngxf6 31. R1f2 Bd7 32. Qe1 Ng4 33. Nxg4 Bxg4 34.
Qd2 Kg7 35. Nc3 b4 36. Ne2 Bxe2 37. Qxe2 Rf8 38. Rxf8 Nxf8 39. Qe3 Rf7 40.
Rxf7+ Kxf7 41. Qf3+ Ke7 42. Kc2 Nd7 43. Qg2 Qf6 44. Qg3 Ne5 45. Be2 Kd7 46. Kb3
Kc7 47. a3 a5 48. Ka4 Nd7 49. Kb3 a4+ 50. Kc2 b3+ 51. Kc1 Kd8 52. Kb1 Ke7 53.
Kc1 Kf7 54. Bd3 Qe5 55. Qh3 Ke7 56. Qe3 Qf6 57. Qg3 Ne5 58. Be2 Kf7 59. Kd1 Kg7
60. Qh3 Nf7 61. Kc1 Qf4+ 0-1

[Event "Copenhagen Chess Challenge 2009"]
[Site "Ballerup"]
[Date "2009.??.??"]
[Round "7"]
[White "Lauritsen, Martin Lee"]
[Black "Schmidt, Tommy B"]
[Result "1/2-1/2"]
[WhiteElo "2063"]
[BlackElo "2167"]
[PlyCount "58"]
[EventDate "2009.??.??"]
[EventType "swiss"]
[EventRounds "9"]
[EventCountry "DEN"]

1. e4 c5 2. Nf3 d6 3. c3 Nf6 4. Be2 Bd7 5. d3 e6 6. O-O Be7 7. Re1 O-O 8. Nbd2
Bb5 9. Nf1 Nc6 10. Ng3 a5 11. a4 Ba6 12. d4 Bxe2 13. Qxe2 cxd4 14. Nxd4 Nxd4
15. cxd4 d5 16. e5 Nd7 17. f4 Bh4 18. Qd3 Qb6 19. Rd1 Qa6 20. Ne2 Qxd3 21. Rxd3
Be1 22. Bd2 Bxd2 23. Rxd2 Rfc8 24. Rc1 Rxc1+ 25. Nxc1 Rc8 26. Na2 Rc4 27. b3
Rc7 28. Kf2 Kf8 29. Ke3 Ke7 1/2-1/2

[Event "Copenhagen Chess Challenge 2009"]
[Site "Ballerup"]
[Date "2009.??.??"]
[Round "7"]
[White "Rhee, Alexander"]
[Black "Andersen, Daniel"]
[Result "1-0"]
[WhiteElo "2115"]
[BlackElo "1940"]
[PlyCount "50"]
[EventDate "2009.??.??"]
[EventType "swiss"]
[EventRounds "9"]
[EventCountry "DEN"]

1. e4 e6 2. d4 d5 3. Nc3 Nf6 4. e5 Nfd7 5. f4 c5 6. Nf3 Nc6 7. Be3 Be7 8. Qd2
O-O 9. Be2 b6 10. O-O f6 11. dxc5 bxc5 12. Nxd5 fxe5 13. Nxe7+ Qxe7 14. Nxe5
Ndxe5 15. fxe5 Rd8 16. Qc1 Nd4 17. Bxd4 Rxd4 18. c3 Rd8 19. Qe3 Bb7 20. Rf4 a5
21. Raf1 Rf8 22. Bg4 Rxf4 23. Qxf4 Bc6 24. c4 Bd7 25. Bf3 Re8 1-0

[Event "Copenhagen Chess Challenge 2009"]
[Site "Ballerup"]
[Date "2009.??.??"]
[Round "7"]
[White "Tandrup, Michael"]
[Black "Hove, Esben Kjems"]
[Result "0-1"]
[WhiteElo "1917"]
[BlackElo "2294"]
[PlyCount "58"]
[EventDate "2009.??.??"]
[EventType "swiss"]
[EventRounds "9"]
[EventCountry "DEN"]

1. d4 d5 2. Nf3 Nf6 3. e3 g6 4. b3 Bg7 5. Bb2 O-O 6. Bd3 b6 7. Nbd2 Bb7 8. Ne5
Nfd7 9. Nxd7 Nxd7 10. Nf3 c5 11. O-O Rc8 12. c4 cxd4 13. exd4 dxc4 14. Bxc4 Nf6
15. Qe2 Nd5 16. g3 b5 17. Bd3 Nf6 18. Ne5 Qd5 19. f3 b4 20. Bc4 Qd6 21. a3 a5
22. axb4 axb4 23. Ra7 Rb8 24. Re1 Nd5 25. Qd3 e6 26. Kg2 Rfd8 27. Rd1 Qb6 28.
Raa1 Bxe5 29. dxe5 Ne3+ 0-1

[Event "Copenhagen Chess Challenge 2009"]
[Site "Ballerup"]
[Date "2009.??.??"]
[Round "7"]
[White "Jorgensen, Dennis"]
[Black "Andersen, Kim Nyvang"]
[Result "1-0"]
[WhiteElo "2197"]
[BlackElo "1914"]
[PlyCount "63"]
[EventDate "2009.??.??"]
[EventType "swiss"]
[EventRounds "9"]
[EventCountry "DEN"]

1. d4 Nf6 2. Nf3 g6 3. g3 Bg7 4. Bg2 O-O 5. O-O d6 6. c4 Nbd7 7. Nc3 e5 8. h3
a6 9. Re1 c6 10. e4 exd4 11. Nxd4 Ne5 12. b3 c5 13. Nc2 Nc6 14. Bb2 Rb8 15. Rb1
b5 16. Ne3 Nd4 17. Ne2 Bxh3 18. Nxd4 cxd4 19. Qxd4 Bxg2 20. Kxg2 Qa5 21. Rh1
Ne8 22. Qd3 Qxa2 23. Bxg7 bxc4 24. Qd4 Nxg7 25. Ng4 f6 26. Qxc4+ Kh8 27. Qc7
Rxb3 28. Rxh7+ Kxh7 29. Rh1+ Kg8 30. Nh6+ Kh8 31. Nf5+ Kg8 32. Qxg7# 1-0

[Event "Copenhagen Chess Challenge 2009"]
[Site "Ballerup"]
[Date "2009.??.??"]
[Round "7"]
[White "Eriksson, Christian Altenburg"]
[Black "Nielsen, Thomas (1975)"]
[Result "1-0"]
[WhiteElo "2122"]
[BlackElo "1970"]
[PlyCount "111"]
[EventDate "2009.??.??"]
[EventType "swiss"]
[EventRounds "9"]
[EventCountry "DEN"]

1. e4 c6 2. d4 d5 3. Nc3 dxe4 4. Nxe4 Bf5 5. Ng3 Bg6 6. h4 h6 7. Nf3 Nd7 8. h5
Bh7 9. Bd3 Bxd3 10. Qxd3 e6 11. Bf4 Qa5+ 12. Bd2 Qc7 13. O-O-O Ngf6 14. Kb1
O-O-O 15. Ne4 Nxe4 16. Qxe4 Nf6 17. Qd3 Bd6 18. g3 Kb8 19. c4 Ka8 20. Bc3 Ng4
21. Qe2 Rhe8 22. Ne5 Nxe5 23. dxe5 Bc5 24. Qg4 Bf8 25. Qf3 Rxd1+ 26. Rxd1 Rd8
27. Rxd8+ Qxd8 28. Kc2 Qc7 29. g4 Kb8 30. Qe3 Be7 31. f4 c5 32. Qe4 Qd7 33. b3
b5 34. cxb5 Qxb5 35. Qd3 Qc6 36. Qe2 Kb7 37. a4 a6 38. Kb2 Qd5 39. Ka2 Kb6 40.
Bb2 Kb7 41. Bc3 Kb6 42. Kb2 Kb7 43. Bd2 Qd4+ 44. Ka2 Qd5 45. g5 hxg5 46. fxg5
c4 47. bxc4 Qc6 48. Qd1 Qxc4+ 49. Qb3+ Qxb3+ 50. Kxb3 Bc5 51. Kc4 Bf8 52. h6
gxh6 53. gxh6 Kb6 54. Bg5 Kc6 55. h7 Bg7 56. Bf6 1-0

[Event "Copenhagen Chess Challenge 2009"]
[Site "Ballerup"]
[Date "2009.??.??"]
[Round "7"]
[White "Lovik, Lasse Ostebo"]
[Black "Rusev, Krasimir"]
[Result "0-1"]
[WhiteElo "2289"]
[BlackElo "2498"]
[PlyCount "100"]
[EventDate "2009.??.??"]
[EventType "swiss"]
[EventRounds "9"]
[EventCountry "DEN"]

1. e4 e6 2. d4 d5 3. exd5 exd5 4. Bd3 Nc6 5. c3 Bd6 6. Ne2 Qh4 7. Ng3 Bg4 8.
Nf5 Bxf5 9. Bxf5 Nge7 10. g3 Qf6 11. Bh3 h5 12. Be3 Nf5 13. Qf3 Nce7 14. c4
dxc4 15. Qxb7 O-O 16. Qf3 c5 17. dxc5 Be5 18. Nd2 Nxe3 19. Qxf6 Bxf6 20. fxe3
Bxb2 21. Rb1 c3 22. Ke2 Rab8 23. Nc4 Rfd8 24. a3 Rd5 25. c6 Nxc6 26. Bg2 Rc5
27. Nxb2 cxb2 28. Bxc6 Rc2+ 29. Kf3 Rxc6 30. Rhe1 Rf6+ 31. Kg2 Rb3 32. Re2 Rfb6
33. h4 a5 34. a4 R6b4 35. Kf3 g6 36. Rc2 Kg7 37. Kf2 Kf6 38. Kf3 Ke6 39. Rd2
Ke5 40. Rc2 Ke6 41. Rd2 Rxa4 42. Rdxb2 Rxb2 43. Rxb2 Rb4 44. Rd2 Rb6 45. Ra2
Ra6 46. Ke4 a4 47. Ra3 Ra7 48. Kd4 Kf5 49. e4+ Ke6 50. e5 Ra5 0-1

[Event "Copenhagen Chess Challenge 2009"]
[Site "Ballerup"]
[Date "2009.??.??"]
[Round "7"]
[White "Bejtovic, Jasmin"]
[Black "Smith, Axel"]
[Result "0-1"]
[WhiteElo "2306"]
[BlackElo "2383"]
[PlyCount "102"]
[EventDate "2009.??.??"]
[EventType "swiss"]
[EventRounds "9"]
[EventCountry "DEN"]

1. c4 Nf6 2. Nc3 e5 3. g3 Bb4 4. Bg2 O-O 5. e4 Bxc3 6. dxc3 a6 7. a4 d6 8. Qc2
Be6 9. b3 Nbd7 10. Nf3 b5 11. Ng5 bxc4 12. Nxe6 fxe6 13. bxc4 Nc5 14. O-O Rb8
15. Ba3 Qe8 16. Qe2 Nxa4 17. f4 Nd7 18. c5 Naxc5 19. fxe5 Nxe5 20. Rxf8+ Qxf8
21. Bxc5 dxc5 22. Qxa6 Qd6 23. Qe2 c4 24. Qe3 h6 25. h3 Rb2 26. Rf1 Qb6 27. Re1
Nd3 28. Qxb6 Rxg2+ 29. Kxg2 Nxe1+ 30. Kf1 cxb6 31. Kxe1 Kf7 32. h4 h5 33. Ke2
e5 34. Kd1 Ke7 35. Kc2 Kd6 36. Kb2 Kc5 37. Ka2 Kb5 38. Ka3 Ka5 39. Ka2 b5 40.
Ka3 b4+ 41. Kb2 bxc3+ 42. Kxc3 Kb5 43. Kb2 Kb4 44. Kc2 c3 45. g4 hxg4 46. h5 g3
47. h6 gxh6 48. Kc1 g2 49. Kc2 g1=Q 50. Kd3 Qe1 51. Kc2 Qd2+ 0-1

[Event "Copenhagen Chess Challenge 2009"]
[Site "Ballerup"]
[Date "2009.??.??"]
[Round "7"]
[White "Kovachev, Daniel Jacobsen"]
[Black "Veng, Johny"]
[Result "1-0"]
[WhiteElo "2256"]
[BlackElo "2240"]
[PlyCount "129"]
[EventDate "2009.??.??"]
[EventType "swiss"]
[EventRounds "9"]
[EventCountry "DEN"]

1. c4 Nf6 2. d4 c5 3. d5 e6 4. Nc3 exd5 5. cxd5 Bd6 6. g3 Be5 7. Bg2 O-O 8. Nf3
Bxc3+ 9. bxc3 d6 10. O-O Re8 11. c4 b6 12. Bb2 Ba6 13. Nd2 b5 14. e4 Nbd7 15.
f4 Nb6 16. Rc1 bxc4 17. Re1 Qd7 18. Nb1 c3 19. Nxc3 Nc4 20. Ba1 Rab8 21. Qc2
Ng4 22. Nd1 f6 23. h3 Nh6 24. Qc3 Qa4 25. Bf1 Rb4 26. g4 Kh8 27. g5 Ng8 28.
gxf6 Nxf6 29. Nf2 h5 30. Qg3 Nd2 31. Bxa6 Qxa6 32. Kh1 Rf8 33. Bc3 Qxa2 34.
Bxb4 cxb4 35. Ra1 Ndxe4 36. Nxe4 Nxe4 37. Qxg7+ Kxg7 38. Rxa2 Rxf4 39. Rxa7+
Kf6 40. Rh7 h4 41. Kg2 Ke5 42. Rb7 Kxd5 43. Rxb4 Ke5 44. Rf1 Rxf1 45. Kxf1 d5
46. Rb8 Ng5 47. Kg2 Ne6 48. Kf3 Kf5 49. Rh8 Kg5 50. Rg8+ Kf5 51. Rg4 Ng5+ 52.
Kg2 Ne4 53. Rxh4 Kg5 54. Rh8 Kf4 55. Rd8 Nf6 56. Rf8 Kg5 57. h4+ Kg6 58. Kf3
Kf5 59. Rf7 Kg6 60. Rf8 Kf5 61. Rd8 Ke5 62. Ra8 Kf5 63. Ra1 Ke5 64. Rg1 Ne4 65.
h5 1-0

[Event "Copenhagen Chess Challenge 2009"]
[Site "Ballerup"]
[Date "2009.??.??"]
[Round "7"]
[White "Fredericia, Louise Winther"]
[Black "Lauridsen, Jesper Morch"]
[Result "0-1"]
[WhiteElo "2100"]
[BlackElo "2287"]
[PlyCount "97"]
[EventDate "2009.??.??"]
[EventType "swiss"]
[EventRounds "9"]
[EventCountry "DEN"]

1. c4 e6 2. g3 d5 3. Bg2 Nf6 4. d3 c6 5. cxd5 exd5 6. Nf3 Bd6 7. b3 O-O 8. O-O
Bg4 9. Nbd2 Nbd7 10. Bb2 Re8 11. e4 dxe4 12. Nxe4 Nxe4 13. dxe4 Nc5 14. Qd4 Bf8
15. Ne5 Be2 16. Rfe1 Qxd4 17. Bxd4 Bb5 18. b4 Na4 19. Rab1 Rad8 20. Ba1 f6 21.
Nf3 Bd3 22. Rb3 Bc2 23. Rbe3 Bxb4 24. Rc1 Bc5 25. Bd4 Bxd4 26. Nxd4 Rxd4 27.
Rxc2 Rd1+ 28. Bf1 Red8 29. e5 fxe5 30. Rxe5 Nb6 31. Kg2 R8d7 32. Rc3 R1d2 33.
Rf3 g6 34. a3 Kg7 35. h4 h5 36. Rfe3 Nd5 37. R3e4 Rf7 38. Re2 Rd3 39. a4 Ra3
40. R2e4 Ra2 41. Be2 Nc3 42. Re3 Nxe2 43. Rxe2 Rxa4 44. f3 Rd4 45. Re6 a5 46.
R2e5 Rd3 47. Kh3 Rdxf3 48. Rg5 R3f6 49. Re3 0-1

[Event "Copenhagen Chess Challenge 2009"]
[Site "Ballerup"]
[Date "2009.??.??"]
[Round "7"]
[White "Moller, Arne"]
[Black "Schmidt, Horst Hubert"]
[Result "0-1"]
[WhiteElo "1903"]
[BlackElo "1837"]
[PlyCount "46"]
[EventDate "2009.??.??"]
[EventType "swiss"]
[EventRounds "9"]
[EventCountry "DEN"]

1. e4 g6 2. d4 Bg7 3. c4 c5 4. dxc5 Qa5+ 5. Bd2 Qxc5 6. Bc3 Nf6 7. b4 Qc7 8.
Bd3 d6 9. Qc2 Be6 10. Nd2 O-O 11. Rc1 Nbd7 12. Qb2 Rac8 13. Ngf3 Nb6 14. Bd4
Rfd8 15. O-O Bd7 16. b5 Na4 17. Qa3 Nc5 18. Bb1 b6 19. Rfe1 Bg4 20. e5 dxe5 21.
Bxe5 Qb7 22. Qe3 Bxf3 23. Qxf3 Rxd2 0-1